A kínai import folyamatának vizsgálata és elemzése a Telenor Magyarország Zrt. egy beszállítóján keresztül

Bibliográfiai részletek
Szerző: Kovács Viktória
További közreműködők: Hrabovszki Zsuzsa
Dokumentumtípus: Diplomadolgozat
Kulcsszavak:Kína
import folyamat
okmányok
Online Access:http://dolgozattar.uni-bge.hu/1899

MARC

LEADER 00000nta a2200000 i 4500
001 dolg1899
005 20160201145821.0
008 150824suuuu hu om 000 hun d
040 |a BGE Dolgozattár Repozitórium  |b hun 
041 |a hu 
100 1 |a Kovács Viktória 
245 1 2 |a A kínai import folyamatának vizsgálata és elemzése a Telenor Magyarország Zrt. egy beszállítóján keresztül  |c Kovács Viktória  |h [elektronikus dokumentum] 
695 |a Kína 
695 |a import folyamat 
695 |a okmányok 
700 1 |a Hrabovszki Zsuzsa  |e ths 
856 4 0 |u http://dolgozattar.uni-bge.hu/1899/1/Szakdolgozat%20Kov%C3%A1cs%20Vikt%C3%B3ria%20DH93BL.pdf  |z Dokumentum-elérés